L'éducateur, livre encyclopédique de lecture courante à l'usage de la jeunesse belge, ouvrage approprié à l'enseignement de la langue française. Nº1. (2e division des écoles primaires)

Gespeichert in:
Bibliographische Detailangaben
1. Verfasser: LORIAUX, A. G.
Format: keine Angabe
Sprache:Französisch
Erschienen: Ath Loriaux-Courtois, libraire-éditeur/Manceaux-Hoyois, imprimeur-libraire 1865
Ausgabe:2me édition
Katalog:MANES:  Suchergebnis im Bibliothekskatalog
Schulbuchspezifische Eigenschaften:
Schlagworte:
Tags: Tag hinzufügen
Keine Tags, Fügen Sie den ersten Tag hinzu!
Hinzugefügt zu:26.04.2016

MARC

LEADER 000000000a22000000004500
001 23076
008 160427s be ||||| |||| 00| 0 fre d
040 |a manes  |c manes 
041 |a Francés 
100 1 |a LORIAUX, A. G. 
245 0 0 |a L'éducateur, livre encyclopédique de lecture courante à l'usage de la jeunesse belge, ouvrage approprié à l'enseignement de la langue française. Nº1. (2e division des écoles primaires) 
250 |a 2me édition 
260 3 |a Ath  |b Loriaux-Courtois, libraire-éditeur/Manceaux-Hoyois, imprimeur-libraire  |c 1865 
300 |a 176 p. 
546 |a Bélgica 
650 7 |a Escritura y Lectura 
655 7 |a Primaria 
942 |2 ddc  |c BK 
999 |c 45404  |d 45404 
999 |c manes:45404  |d 45404